Právo spoločníka spoločnosti s ručením obmedzeným na informácie po R 44/2019

Právo spoločníka obchodnej spoločnosti na informácie ako z jedno z jeho najdôležitejších práv. Rôznorodosť legislatívneho vyjadrenia informačného práva v obchodných spoločnostiach a družstve. Doterajší pohľad na danú legislatívu. Obmedzenie práva na informácie podľa R 44/2019. Poukázanie na negatívn...

Descripción completa

Guardado en:
Detalles Bibliográficos
Autor principal: Csach, Kristián
Formato: Capítulo de libro
Lenguaje:eslovaco
Materias:
Etiquetas: Agregar Etiqueta
Sin Etiquetas, Sea el primero en etiquetar este registro!

MARC

LEADER 00000naa a2200000 4500
001 0279065
005 20211013150145.5
041 0 |a slo 
044 |a SK 
245 1 0 |a Právo spoločníka spoločnosti s ručením obmedzeným na informácie po R 44/2019  |c Kristián Csach 
520 |a Právo spoločníka obchodnej spoločnosti na informácie ako z jedno z jeho najdôležitejších práv. Rôznorodosť legislatívneho vyjadrenia informačného práva v obchodných spoločnostiach a družstve. Doterajší pohľad na danú legislatívu. Obmedzenie práva na informácie podľa R 44/2019. Poukázanie na negatívne dôsledky daného rozhodnutia. 
610 2 0 |a spoločnosti s r.o. 
610 2 0 |a spoločníci 
610 2 0 |a informácie 
610 2 0 |a legislatíva 
100 1 |a Csach, Kristián